[Event "Millionaire Chess Op 2016"]
[Site "Atlantic City USA"]
[Date "2016.10.08"]
[Round "5.11"]
[White "Barbosa, Oliver"]
[Black "Rozman, Levy"]
[Result "0-1"]
[WhiteTitle "GM"]
[BlackTitle "FM"]
[WhiteElo "2515"]
[BlackElo "2354"]
[WhiteFideId "5201640"]
[BlackFideId "2039877"]
[EventDate "2016.10.06"]

1. e4 e6 2. d3 d5 3. Qe2 Nc6 4. Nf3 e5 5. c3 f6 6. b4 a6 7. a3 Be6 8. Qb2 Nge7
9. Be2 g5 10. g3 Ng6 11. h4 g4 12. Nh2 h5 13. f3 Qd7 14. Nd2 f5 15. exf5 Bxf5
16. Nb3 e4 17. fxe4 dxe4 18. d4 e3 19. Bxe3 Qe6 20. Nf1 Bd6 21. Nc5 Bxc5 22.
bxc5 Nge7 23. Bg5 Nd5 24. O-O-O Na5 25. Nd2 O-O 26. Nc4 Nxc4 27. Bxc4 b5 28.
Rhe1 bxc4 29. Rxe6 Bxe6 30. Re1 Rab8 31. Qxb8 Rxb8 32. Rxe6 Nxc3 33. Bd2 Nb5 34.
d5 Nxa3 35. Bc3 Rb1+ 36. Kd2 Rb3 37. d6 cxd6 38. cxd6 Nb1+ 39. Kc2 Na3+ 40. Kd2
Nb1+ 41. Kc2 Rxc3+ 42. Kxb1 Kf7 43. Re5 Rxg3 44. Kc2 Rd3 45. Rxh5 Rxd6 46. Rf5+
Rf6 47. Rd5 Kg7 48. Rd4 Rg6 49. h5 Rg5 0-1

[Event "Millionaire Chess Op 2016"]
[Site "Atlantic City USA"]
[Date "2016.10.08"]
[Round "5.12"]
[White "Zherebukh, Yaroslav"]
[Black "Lederer, Yoav"]
[Result "1-0"]
[WhiteTitle "GM"]
[WhiteElo "2612"]
[BlackElo "2324"]
[WhiteFideId "14116804"]
[BlackFideId "2800292"]
[EventDate "2016.10.06"]

1. d4 d5 2. c4 c6 3. Nf3 Nf6 4. Nc3 a6 5. Qc2 g6 6. e4 dxe4 7. Nxe4 Nxe4 8. Qxe4
Bg7 9. Be2 O-O 10. O-O Nd7 11. Bg5 Re8 12. Qh4 Qb6 13. c5 Qc7 14. Bc4 Nf8 15.
Bf4 Qd8 16. Rfe1 e6 17. Qg3 b5 18. Bc7 Qf6 19. Bd3 Ra7 20. Be4 Bd7 21. Bd6 Rc8
22. Ne5 Be8 23. a4 a5 24. f4 b4 25. Qf3 Ra6 26. Rad1 Qd8 27. b3 h6 28. Bd3 Ra7
29. Be4 Ra6 30. g4 Nh7 31. Bd3 Ra7 32. Kh1 Nf6 33. f5 exf5 34. gxf5 g5 35. h4
Nd5 36. Bc4 f6 37. Nxc6 Bxc6 38. Bxd5+ Bxd5 39. Qxd5+ Kh7 40. Qe6 Bf8 41. hxg5
hxg5 42. Bxf8 Qxf8 43. Kg2 Kg7 44. c6 Rcc7 45. Qd5 Ra8 46. Re6 Qf7 47. Rh1 Ra6
48. Qd8 1-0

[Event "Millionaire Chess Op 2016"]
[Site "Atlantic City USA"]
[Date "2016.10.08"]
[Round "5.13"]
[White "Ramirez, Alejandro"]
[Black "Fishbein, Alexander"]
[Result "1-0"]
[WhiteTitle "GM"]
[BlackTitle "GM"]
[WhiteElo "2568"]
[BlackElo "2474"]
[WhiteFideId "6500617"]
[BlackFideId "2000377"]
[EventDate "2016.10.06"]

1. b3 c5 2. Bb2 Nc6 3. e3 e6 4. f4 b6 5. Nf3 Bb7 6. g4 h5 7. g5 Nge7 8. Qe2 Nf5
9. Bh3 d5 10. d3 d4 11. Bxf5 exf5 12. exd4+ Be7 13. Nbd2 cxd4 14. O-O-O Rc8 15.
Kb1 O-O 16. g6 fxg6 17. Rhg1 Bf6 18. Rxg6 Qe8 19. Qxe8 Rcxe8 20. Rdg1 Rd8 21.
Ba3 Rf7 22. Ng5 Bxg5 23. R6xg5 b5 24. Nf3 Rc7 25. Rxh5 Nb4 26. Bxb4 Bxf3 27.
Rxf5 Rd5 28. Rxd5 Bxd5 29. Bd6 Rd7 30. Be5 Bb7 31. f5 Kh7 32. f6 gxf6 33. Bxf6
Bf3 34. Rg3 Be2 35. Rg2 Bf3 36. Rf2 Bh5 37. Rf5 Bd1 38. Rc5 a6 39. Rc6 a5 40.
Rc5 a4 41. bxa4 bxa4 42. Rc4 Rf7 43. Bxd4 a3 44. Kc1 Bh5 45. Ra4 Rf4 46. Ra7+
Bf7 47. Be5 Rf5 48. Bg3 Kg6 49. Rxa3 1-0

[Event "Millionaire Chess Op 2016"]
[Site "Atlantic City USA"]
[Date "2016.10.08"]
[Round "5.14"]
[White "Mitkov, Nikola"]
[Black "Shabalov, Alexander"]
[Result "1-0"]
[WhiteTitle "GM"]
[BlackTitle "GM"]
[WhiteElo "2450"]
[BlackElo "2550"]
[WhiteFideId "15000290"]
[BlackFideId "2008572"]
[EventDate "2016.10.06"]

1. e4 c5 2. Nc3 e6 3. Nf3 d6 4. d4 cxd4 5. Nxd4 a6 6. Bd3 g6 7. f4 Qh4+ 8. g3
Qd8 9. Be3 Bg7 10. Qd2 Ne7 11. O-O-O b5 12. e5 dxe5 13. fxe5 Nd7 14. Be4 Rb8 15.
Bg5 b4 16. Nce2 Nxe5 17. Qf4 Qc7 18. Nc6 Nd5 19. Bxd5 O-O 20. Be7 g5 21. Qxg5 f6
22. Qf4 Rf7 23. Bd8 Qd6 24. Bg2 Qf8 25. Nxb8 Bh6 26. Bb6 Nd7 27. Nxd7 Rxd7 28.
Rxd7 Bxd7 29. Rd1 Bxf4+ 30. Nxf4 Qe7 31. Bh3 f5 32. Bf1 e5 33. Nd5 Qd6 34. Bc4
Kf8 35. Ba5 Qc6 36. Bxb4+ Ke8 37. Bb3 Be6 38. Bc3 e4 39. Nf4 1-0

[Event "Millionaire Chess Op 2016"]
[Site "Atlantic City USA"]
[Date "2016.10.08"]
[Round "5.15"]
[White "Holt, Conrad"]
[Black "Ashwin, Jayaram"]
[Result "1/2-1/2"]
[WhiteTitle "GM"]
[BlackTitle "GM"]
[WhiteElo "2549"]
[BlackElo "2468"]
[WhiteFideId "2034387"]
[BlackFideId "5018137"]
[EventDate "2016.10.06"]

1. d4 d5 2. c4 c6 3. Nf3 Nf6 4. Nc3 dxc4 5. a4 Bf5 6. e3 e6 7. Bxc4 Bb4 8. O-O
O-O 9. Qe2 Bg4 10. h3 Bh5 11. Rd1 Nbd7 12. e4 Re8 13. Bf4 h6 14. g4 Bg6 15. Ne5
Nxe5 16. dxe5 Nd7 17. Rac1 Qe7 18. Bg3 Nc5 19. f3 Red8 20. Qc2 Bxc3 21. Qxc3
Nxa4 22. Qb3 b5 23. Bf1 Rxd1 24. Qxd1 Nxb2 25. Qd6 Qb7 26. Rxc6 Nc4 27. Qc5 Nd2
28. Be2 Nb3 29. Qd6 Nd4 30. Rc7 Nxe2+ 31. Kf2 Qb8 32. Kxe2 b4 33. Qc6 b3 34. Rb7
b2 35. Qb5 Qc8 36. Qxb2 a5 37. Bh4 a4 38. Be7 Kh7 39. Ba3 Qc4+ 40. Kf2 Rc8 41.
Qd2 Qa6 42. Rb1 Rc4 43. Kg3 Qc6 44. Rc1 Rxc1 45. Qxc1 1/2-1/2

[Event "Millionaire Chess Op 2016"]
[Site "Atlantic City USA"]
[Date "2016.10.08"]
[Round "5.16"]
[White "Carlsson, Pontus"]
[Black "Panchanathan, Magesh Chandran"]
[Result "0-1"]
[WhiteTitle "GM"]
[BlackTitle "GM"]
[WhiteElo "2436"]
[BlackElo "2509"]
[WhiteFideId "1705814"]
[BlackFideId "5007429"]
[EventDate "2016.10.06"]

1. e4 e5 2. Nf3 Nc6 3. Bb5 a6 4. Ba4 Nf6 5. O-O Be7 6. d3 b5 7. Bb3 d6 8. a4 Bd7
9. Nc3 b4 10. Nd5 Na5 11. Nxf6+ Bxf6 12. Bd5 c6 13. Ba2 O-O 14. d4 exd4 15. Nxd4
Re8 16. Qd3 Qe7 17. Nf5 Bxf5 18. exf5 d5 19. Bd2 Qc5 20. Be3 Qd6 21. Rab1 Re4
22. f3 Re7 23. Bf2 Nb7 24. c3 Nc5 25. Qc2 bxc3 26. bxc3 Rae8 27. Rb6 h6 28. Qd1
Re2 29. Qxd5 Qxd5 30. Bxd5 Rxf2 31. Bxf7+ Kxf7 32. Rxf2 Bxc3 33. Rc2 Nd3 34.
Rb7+ Kf6 35. g3 Bd4+ 36. Kf1 c5 37. Re2 Rxe2 38. Kxe2 c4 39. g4 a5 40. Rb5 Nb4
41. Rxa5 c3 42. Ra8 c2 43. Rc8 Be5 44. a5 Bxh2 45. a6 Bg1 46. Kd2 Ke5 47. f4+
Kd6 48. g5 hxg5 49. fxg5 Kd7 50. Rc4 Nxa6 51. f6 g6 52. Re4 Bc5 53. Kxc2 Nc7 54.
Rh4 Ne6 55. Rh7+ Ke8 56. Rh6 Kf7 57. Rh7+ Kg8 58. Rh6 Nf8 59. Kd3 Ba3 60. Rh1
Ne6 61. Rh6 Kf7 62. Rh7+ Ke8 63. Rh6 Bf8 64. Rh4 Nxg5 65. Rg4 Ne6 66. Ke4 Kf7
67. Ke5 Nc5 68. Rd4 Bh6 69. Rd5 Be3 70. Rd1 Bg5 71. Rd6 Bc1 72. Kd5 Ba3 73. Ke5
Bb2+ 74. Kd5 Na4 75. Ra6 Nc3+ 76. Ke5 Nb5+ 77. Kf4 Bxf6 78. Rb6 Nd4 79. Rb7+ Be7
80. Kg4 Nf5 81. Rb6 Ne3+ 82. Kf3 Nc4 83. Ra6 Kg7 84. Kf4 Kh6 85. Re6 Bg5+ 86.
Kf3 Ne3 87. Kg3 Kh5 88. Re8 Nf5+ 89. Kf3 Bh6 90. Re1 g5 91. Rh1+ Kg6 92. Rd1 Bg7
93. Rd5 Bf6 94. Rd2 Kh5 95. Ke4 Nh4 96. Rd6 Bc3 97. Rd3 Ba5 98. Rd5 Bc7 99. Rd7
Bf4 100. Rd1 Kg4 101. Rg1+ Bg3 102. Ke3 Kh3 103. Ra1 g4 104. Ra4 Bh2 105. Rxg4
Kxg4 106. Ke4 Bf4 107. Kd5 Kf5 108. Kc6 Ke6 109. Kc5 Be3+ 110. Kc4 Nf5 111. Kb5
Kd5 112. Ka6 Nd6 113. Ka5 Kc5 114. Ka6 Bd2 115. Ka7 Kc6 116. Ka6 Bc3 117. Ka7
Nb5+ 118. Ka6 Nc7+ 119. Ka7 Bd4+ 120. Kb8 Be3 121. Kc8 Ba7 122. Kd8 Nd5 123. Kc8
Ne7+ 124. Kd8 Kd6 125. Ke8 Ke6 126. Kd8 Bb6+ 127. Ke8 Ba5 128. Kf8 Nf5 129. Ke8
Ng7+ 130. Kf8 Kf6 131. Kg8 Kg6 132. Kf8 Bb4+ 133. Kg8 Nf5 134. Kh8 Bc5 135. Kg8
Nh6+ 136. Kh8 Bd4# 0-1

[Event "Millionaire Chess Op 2016"]
[Site "Atlantic City USA"]
[Date "2016.10.08"]
[Round "5.17"]
[White "Brendel, Oliver"]
[Black "Troff, Kayden W"]
[Result "0-1"]
[WhiteTitle "IM"]
[BlackTitle "GM"]
[WhiteElo "2333"]
[BlackElo "2501"]
[WhiteFideId "4602048"]
[BlackFideId "2047896"]
[EventDate "2016.10.06"]

1. d4 Nf6 2. c4 g6 3. f3 Nh5 4. g4 e5 5. Be3 Ng7 6. dxe5 Nc6 7. Nc3 Be7 8. Nh3
Nxe5 9. Qd4 Bh4+ 10. Nf2 d6 11. Ne4 f5 12. f4 Ne6 13. Qc3 fxe4 14. fxe5 O-O 15.
Bg2 Nf4 16. Bxe4 Bxg4 17. exd6 Qxd6 18. Qd4 Qxd4 19. Bxd4 Rae8 20. Bxb7 Rxe2+
21. Kf1 Bxf2 0-1

[Event "Millionaire Chess Op 2016"]
[Site "Atlantic City USA"]
[Date "2016.10.08"]
[Round "5.18"]
[White "Chandra, Akshat"]
[Black "Boros, Denes"]
[Result "1-0"]
[WhiteTitle "IM"]
[BlackTitle "GM"]
[WhiteElo "2490"]
[BlackElo "2447"]
[WhiteFideId "25006711"]
[BlackFideId "722340"]
[EventDate "2016.10.06"]

1. e4 Nf6 2. e5 Nd5 3. d4 d6 4. Nf3 Bg4 5. Be2 e6 6. c4 Nb6 7. exd6 cxd6 8. Nc3
Be7 9. h3 Bh5 10. d5 e5 11. g4 Bg6 12. h4 h5 13. g5 N8d7 14. Be3 Bf5 15. Nd2 Rc8
16. b3 Nc5 17. Bxc5 Rxc5 18. Nde4 Rc8 19. Ng3 g6 20. Nxf5 gxf5 21. Rg1 Nd7 22.
Qd3 Qa5 23. Rc1 e4 24. Qh3 f4 25. Qf5 f3 26. Bf1 Rc7 27. Kd1 Ne5 28. Rc2 Qc5 29.
Nb5 Rd7 30. Qxe4 f5 31. gxf6 Bxf6 32. Nd4 Rf7 33. Bh3 a6 34. Bf5 Ke7 35. Nxf3
Rg7 36. Rxg7+ Bxg7 37. Ng5 Bf6 38. Re2 Bxg5 39. hxg5 Kd8 40. f4 Re8 41. fxe5
Rxe5 42. Qf4 Qg1+ 43. Kd2 Rxe2+ 44. Kxe2 1-0

[Event "Millionaire Chess Op 2016"]
[Site "Atlantic City USA"]
[Date "2016.10.08"]
[Round "5.19"]
[White "Liang, Awonder"]
[Black "Vitoux, Colomban"]
[Result "1-0"]
[WhiteTitle "IM"]
[BlackTitle "IM"]
[WhiteElo "2478"]
[BlackElo "2397"]
[WhiteFideId "2056437"]
[BlackFideId "628549"]
[EventDate "2016.10.06"]

1. e4 c5 2. Nf3 Nf6 3. Nc3 d5 4. exd5 Nxd5 5. Bb5+ Bd7 6. Ne5 Bxb5 7. Qf3 f6 8.
Nxb5 Na6 9. Qh5+ g6 10. Nxg6 hxg6 11. Qxh8 Qd7 12. Nc3 Qe6+ 13. Kf1 Ndb4 14. Qh4
Kf7 15. Qe4 Rd8 16. a3 Qxe4 17. Nxe4 Nxc2 18. Rb1 Rd3 19. h4 c4 20. Rh3 Rd4 21.
Nc3 Nc5 22. Ne2 Rd3 23. Rxd3 cxd3 24. Nf4 e5 25. b4 Ne4 26. Nxd3 Nxa3 27. Ra1
Nb5 28. Ke1 Ke6 29. Bb2 Ned6 30. Nc5+ Kd5 31. d3 b6 32. Na4 e4 33. Kd2 f5 34.
Rd1 exd3 35. Kxd3 Ne4 36. Kc2+ Kc4 37. f3 Ned6 38. Nc3 Nxc3 39. Bxc3 Nb5 40. Rd8
Nxc3 41. Rxf8 Nd5 42. g4 1-0

[Event "Millionaire Chess Op 2016"]
[Site "Atlantic City USA"]
[Date "2016.10.08"]
[Round "5.20"]
[White "Ivanov, Alexander"]
[Black "Valdes Escobar, Alvaro"]
[Result "0-1"]
[WhiteTitle "GM"]
[BlackTitle "IM"]
[WhiteElo "2476"]
[BlackElo "2387"]
[WhiteFideId "2000202"]
[BlackFideId "3405451"]
[EventDate "2016.10.06"]

1. e4 c5 2. Nf3 d6 3. d4 cxd4 4. Nxd4 Nf6 5. Nc3 Nc6 6. Bc4 e5 7. Nde2 Be6 8.
Bb3 h6 9. O-O Be7 10. f4 O-O 11. Kh1 a6 12. Be3 Rc8 13. f5 Bxb3 14. cxb3 d5 15.
Nxd5 Nxe4 16. Nec3 Nf6 17. Bb6 Qd6 18. Nxf6+ Qxf6 19. Ne4 Qh4 20. Qf3 h5 21. g3
Qg4 22. Qg2 h4 23. h3 Qh5 24. g4 Qh7 25. Rad1 Nd4 26. Bxd4 exd4 27. f6 gxf6 28.
Rxf6 Rfd8 29. Rf5 Qg6 30. Qe2 Qe6 31. Qd3 Rc6 32. Rdf1 Rd5 33. Rxf7 Qxf7 34.
Rxf7 Kxf7 35. Nd2 Ke8 36. Nf3 Rdd6 37. Ne5 Rc1+ 38. Kg2 Rc5 39. Ng6 Re6 40. Nf4
Rd6 41. Qe4 d3 42. Nxd3 Rcd5 43. Nf4 Rd4 44. Qe5 Rd1 45. Kf3 Rf1+ 46. Ke2 Rfd1
47. Qh5+ Kd8 48. Ne6+ Kd7 49. Nc5+ Kc7 50. Ne4 Rd7 51. Qe5+ Kb6 52. g5 R1d5 53.
Qe6+ Ka7 54. g6 Bf8 55. Qf6 Bg7 56. Qe6 Bxb2 57. Kf3 Rd8 58. Qe7 Rg8 59. Qf7
Rgd8 60. g7 Rd3+ 61. Ke2 R3d4 62. Nf2 Rd2+ 63. Kf1 Bd4 64. Ng4 Ra8 0-1

[Event "Millionaire Chess Op 2016"]
[Site "Atlantic City USA"]
[Date "2016.10.08"]
[Round "6.1"]
[White "Adhiban, Baskaran"]
[Black "Iturrizaga Bonelli, Eduardo"]
[Result "1/2-1/2"]
[WhiteTitle "GM"]
[BlackTitle "GM"]
[WhiteElo "2689"]
[BlackElo "2658"]
[WhiteFideId "5018471"]
[BlackFideId "3901211"]
[EventDate "2016.10.06"]

1. d4 Nf6 2. c4 e6 3. Nf3 b6 4. a3 Bb7 5. Nc3 g6 6. Qc2 d5 7. cxd5 exd5 8. Bg5
Bg7 9. g3 O-O 10. Bg2 Nbd7 11. O-O Qe7 12. Rfd1 a6 13. Rac1 Qe6 14. Bxf6 Nxf6
15. b4 Rac8 16. Qb3 Ba8 17. e3 Rfd8 18. Ne2 Ne4 19. Nf4 Qd6 20. Nd2 Ng5 21. Nf3
Ne4 22. Bh3 Rb8 23. Qc2 c6 24. Nd3 f6 25. Nd2 Ng5 26. Bf1 Bb7 27. h4 Nf7 28. Bh3
Qe7 29. a4 Nd6 30. h5 f5 31. hxg6 hxg6 32. Nf3 Nc4 33. b5 axb5 34. axb5 cxb5 35.
Qb3 Bc6 36. Nb4 Bb7 37. Nd3 Bc6 38. Nb4 Bb7 39. Na2 Ra8 40. Qb4 Bf8 41. Qxe7
Bxe7 42. Nc3 b4 1/2-1/2

[Event "Millionaire Chess Op 2016"]
[Site "Atlantic City USA"]
[Date "2016.10.08"]
[Round "6.2"]
[White "Zhou, Jianchao"]
[Black "Shankland, Samuel L"]
[Result "1-0"]
[WhiteTitle "GM"]
[BlackTitle "GM"]
[WhiteElo "2630"]
[BlackElo "2679"]
[WhiteFideId "8603537"]
[BlackFideId "2004887"]
[EventDate "2016.10.06"]

1. Nf3 d5 2. d4 Nf6 3. c4 c6 4. Nc3 dxc4 5. a4 Bf5 6. Ne5 e6 7. f3 Bb4 8. Nxc4
O-O 9. Kf2 c5 10. e4 Bg6 11. Na2 Nc6 12. Nxb4 Nxb4 13. Qb3 Nxe4+ 14. fxe4 Bxe4
15. Bf4 Qf6 16. Qe3 Rad8 17. Qxe4 Rxd4 18. Qe5 Rxf4+ 19. Kg1 Qxe5 20. Nxe5 Rd8
21. Rc1 Rd5 22. Nc4 Nd3 23. Bxd3 Rxd3 24. g3 Rfd4 25. Kf2 f6 26. Rhe1 e5 27. Re3
Kf7 28. Rxd3 Rxd3 29. Ke2 Rd4 30. Nd2 b6 31. a5 Ra4 32. axb6 axb6 33. Rc3 Rb4
34. b3 Ke6 35. Rc4 Rxc4 36. bxc4 f5 37. h4 e4 38. Ke3 Ke5 39. Nb1 g6 40. Nc3 h6
41. Ne2 Kf6 42. g4 fxg4 43. Kxe4 Ke6 44. Nf4+ Kf6 45. Nd5+ Ke6 46. Nxb6 g5 47.
hxg5 hxg5 48. Na4 Kd6 49. Ke3 1-0

[Event "Millionaire Chess Op 2016"]
[Site "Atlantic City USA"]
[Date "2016.10.08"]
[Round "6.3"]
[White "Mamedov, Rauf"]
[Black "Akobian, Varuzhan"]
[Result "1-0"]
[WhiteTitle "GM"]
[BlackTitle "GM"]
[WhiteElo "2678"]
[BlackElo "2625"]
[WhiteFideId "13401653"]
[BlackFideId "13300580"]
[EventDate "2016.10.06"]

1. d4 d5 2. Bf4 Nf6 3. e3 e6 4. Nf3 Bd6 5. Bd3 b6 6. Ne5 Bb7 7. Nd2 Nbd7 8. Qf3
Qe7 9. O-O h6 10. Ndc4 Ne4 11. Nxd6+ cxd6 12. Nxd7 Qxd7 13. Qe2 Qe7 14. Bb5+ Kf8
15. f3 Nf6 16. Bg3 e5 17. Qd2 Nh5 18. Bf2 g6 19. Qb4 Ng7 20. Rad1 Ne6 21. Bg3 f6
22. Bd3 g5 23. f4 gxf4 24. exf4 e4 25. f5 Nc5 26. Be2 h5 27. dxc5 dxc5 28. Qe1
d4 29. Bc4 e3 30. c3 h4 31. Bf4 h3 32. Qg3 Rd8 33. Bh6+ Ke8 34. Bb5+ Rd7 35.
Qb8+ 1-0

[Event "Millionaire Chess Op 2016"]
[Site "Atlantic City USA"]
[Date "2016.10.08"]
[Round "6.4"]
[White "Xiong, Jeffery"]
[Black "Yang, Kaiqi"]
[Result "1-0"]
[WhiteTitle "GM"]
[BlackTitle "IM"]
[WhiteElo "2647"]
[BlackElo "2392"]
[WhiteFideId "2047640"]
[BlackFideId "8604398"]
[EventDate "2016.10.06"]

1. Nf3 Nf6 2. c4 g6 3. Nc3 Bg7 4. e4 d6 5. d4 O-O 6. Be2 e5 7. O-O Nc6 8. d5 Ne7
9. b4 Nh5 10. g3 f5 11. Ng5 Nf6 12. Bf3 c6 13. Qb3 h6 14. Ne6 Bxe6 15. dxe6 fxe4
16. Nxe4 Nf5 17. Bb2 Qe7 18. b5 Qxe6 19. bxc6 bxc6 20. Nxf6+ Qxf6 21. Bxc6 Rab8
22. Qa3 Kh7 23. Be4 Qd8 24. Rab1 Qc7 25. Qd3 Rb6 26. Ba3 Rf6 27. Bb4 Qb8 28. Ba5
Rb2 29. Bc7 Qb4 30. Bd8 Rf8 31. Ba5 Qb8 32. Bc7 Qb4 33. a3 Qd2 34. Rxb2 Qxb2 35.
Bxd6 Rf6 36. Bc5 Nd4 37. Bxa7 Bf8 38. c5 Qe2 39. Qxe2 Nxe2+ 40. Kg2 Ra6 41. Bb6
Rxa3 42. c6 Rc3 43. c7 Bd6 44. Ra1 Nd4 45. Ra7 1-0

[Event "Millionaire Chess Op 2016"]
[Site "Atlantic City USA"]
[Date "2016.10.08"]
[Round "6.5"]
[White "Chirila, Ioan-Cristian"]
[Black "Jones, Gawain C B"]
[Result "0-1"]
[WhiteTitle "GM"]
[BlackTitle "GM"]
[WhiteElo "2526"]
[BlackElo "2647"]
[WhiteFideId "1211668"]
[BlackFideId "409561"]
[EventDate "2016.10.06"]

1. d4 Nf6 2. c4 g6 3. Nc3 Bg7 4. e4 O-O 5. Be2 d6 6. Bg5 Na6 7. f4 c6 8. Qd2 Nc7
9. Bf3 d5 10. cxd5 cxd5 11. e5 Ne4 12. Nxe4 dxe4 13. Bxe4 f6 14. Bh4 fxe5 15.
fxe5 Bxe5 16. Nf3 Bf4 17. Qd3 Bf5 18. O-O Nd5 19. Rae1 Qd7 20. Bg5 Rad8 21. Bxf4
Nxf4 22. Qe3 Bxe4 23. Qxe4 Nd5 24. h3 Rf4 25. Qe6+ Qxe6 26. Rxe6 Rc8 27. Re5 Rf5
28. Rfe1 Rc6 29. R5e2 Rc4 30. Re5 Rc6 31. Re6 Rxe6 32. Rxe6 Kf8 33. Re2 Nf4 34.
Rf2 Ke8 35. Ne5 Ne6 36. Rc2 Kd8 37. Nf3 g5 38. Kf2 Kd7 39. Ke3 Kd6 40. Ke4 Rf4+
41. Ke3 h6 42. Rc8 Kd5 43. Rb8 Re4+ 44. Kf2 b6 45. g3 Kc6 46. Rh8 Nxd4 47. Nxd4+
Rxd4 48. Rxh6+ Kd5 49. Ke3 Rc4 50. Kd3 g4 51. Rh4 Rd4+ 52. Ke3 Re4+ 53. Kd3 Rd4+
54. Kc3 Rc4+ 55. Kd3 Ra4 56. Rxg4 Rxa2 57. Rd4+ Ke5 58. Re4+ Kf6 59. Rf4+ Ke5
60. Re4+ Kf6 61. Kc3 e5 62. g4 Ra1 63. h4 a6 64. h5 Rh1 65. Re3 Rg1 66. Rf3+ Ke6
67. h6 Rxg4 68. Rh3 Rg8 69. h7 Rh8 70. Rh5 0-1

[Event "Millionaire Chess Op 2016"]
[Site "Atlantic City USA"]
[Date "2016.10.08"]
[Round "6.6"]
[White "Rozman, Levy"]
[Black "Cordova, Emilio"]
[Result "0-1"]
[WhiteTitle "FM"]
[BlackTitle "GM"]
[WhiteElo "2354"]
[BlackElo "2637"]
[WhiteFideId "2039877"]
[BlackFideId "3801497"]
[EventDate "2016.10.06"]

1. d4 Nf6 2. Nf3 e6 3. c4 b6 4. g3 Ba6 5. Qc2 Bb7 6. Bg2 Bb4+ 7. Nbd2 Be4 8. Qd1
Bxd2+ 9. Qxd2 d6 10. O-O Nbd7 11. b3 O-O 12. Bb2 a5 13. a3 Qb8 14. Qf4 Qb7 15.
Rfe1 b5 16. c5 Qd5 17. Qe3 Rfb8 18. Rac1 h6 19. h3 Qf5 20. Nh4 Qh7 21. f3 Bd5
22. Bf1 a4 23. b4 Bc4 24. Qf2 d5 25. Ng2 Re8 26. g4 c6 27. Qg3 Nf8 28. h4 Rad8
29. Ne3 Bb3 30. Bg2 g5 31. h5 N6d7 32. Nf1 f5 33. e4 f4 34. Qf2 dxe4 35. fxe4 e5
36. Nd2 Be6 37. d5 Bxg4 38. Nf3 Bxf3 39. Bxf3 Nf6 40. Qg2 Qg7 41. Kh1 g4 42.
Bxg4 Qxg4 43. Qxg4+ Nxg4 44. Rg1 cxd5 45. Rxg4+ Kf7 46. exd5 Rxd5 47. c6 Ke6 48.
Rg8 Rc8 49. Rh8 Kf7 50. Rxh6 Kg7 51. Rd6 Rxd6 52. Bxe5+ Rf6 53. Kg2 Kf7 54. Bxf6
Kxf6 55. Kf3 Ne6 56. Ke4 Re8 57. h6 Kg6 58. Kd5 Nc7+ 59. Kd6 Na8 60. Rh1 Kh7 61.
Rh5 f3 62. Rf5 Re3 63. Rf8 Rd3+ 64. Kc5 Rxa3 65. Rxa8 Rc3+ 66. Kb6 a3 67. Rd8
Kxh6 68. Rd6+ Kg5 69. Rd5+ Kf4 70. Rc5 Rxc5 71. bxc5 a2 72. c7 a1=Q 73. c8=Q
Qf6+ 74. c6 f2 75. Qh3 Ke4 76. Qg2+ Ke3 77. Qf1 b4 78. Kb7 Qf3 79. Kb6 Qe2 80.
Qh3+ Kd2 81. c7 f1=Q 82. Qxf1 Qxf1 83. c8=Q b3 84. Qd7+ Qd3 85. Qa4 b2 86. Qb4+
Kc2 87. Qc5+ Kb3 0-1

[Event "Millionaire Chess Op 2016"]
[Site "Atlantic City USA"]
[Date "2016.10.08"]
[Round "6.7"]
[White "Swiercz, Dariusz"]
[Black "Bruzon Batista, Lazaro"]
[Result "1-0"]
[WhiteTitle "GM"]
[BlackTitle "GM"]
[WhiteElo "2636"]
[BlackElo "2615"]
[WhiteFideId "1126881"]
[BlackFideId "3503739"]
[EventDate "2016.10.06"]

1. e4 e5 2. Nf3 Nc6 3. Bb5 Nf6 4. O-O Nxe4 5. d4 Nd6 6. Bxc6 dxc6 7. dxe5 Nf5 8.
Qxd8+ Kxd8 9. h3 h6 10. Rd1+ Ke8 11. Nc3 Ne7 12. Bf4 Ng6 13. Bh2 Bc5 14. Ne4 Bb6
15. c4 Bf5 16. Ng3 Be6 17. Rac1 c5 18. Nh5 Rg8 19. g4 Rd8 20. Rxd8+ Kxd8 21. Nd2
Ne7 22. f4 g6 23. Nf6 Rh8 24. Nde4 Kc8 25. Kg2 Rd8 26. Bg1 Nc6 27. b3 Nb4 28.
Rf1 Nxa2 29. f5 gxf5 30. gxf5 Bd7 31. Nxd7 Kxd7 32. Nf6+ Kc6 33. e6 fxe6 34.
fxe6 Kd6 35. Re1 Ke7 36. Nd5+ Ke8 37. Nf6+ Ke7 38. Nd5+ Ke8 39. Bf2 Nb4 40. Bh4
Nxd5 41. Bxd8 Ba5 42. cxd5 Bxe1 43. Bxc7 Ke7 44. Kf3 b5 45. Ke4 Bb4 46. Ke5 1-0

[Event "Millionaire Chess Op 2016"]
[Site "Atlantic City USA"]
[Date "2016.10.08"]
[Round "6.8"]
[White "Troff, Kayden W"]
[Black "Shimanov, Aleksandr"]
[Result "1-0"]
[WhiteTitle "GM"]
[BlackTitle "GM"]
[WhiteElo "2501"]
[BlackElo "2639"]
[WhiteFideId "2047896"]
[BlackFideId "4198603"]
[EventDate "2016.10.06"]

1. d4 Nf6 2. c4 e6 3. Nf3 Bb4+ 4. Nbd2 O-O 5. a3 Be7 6. e4 d6 7. Be2 Nbd7 8. O-O
a5 9. b3 e5 10. Bb2 exd4 11. Nxd4 Re8 12. Qc2 Bf8 13. b4 c6 14. Bd3 Ne5 15. h3
Nxd3 16. Qxd3 g6 17. Bc3 Bh6 18. f4 axb4 19. axb4 Rxa1 20. Bxa1 Nh5 21. Ne2 f5
22. Qe3 Qe7 23. c5 dxc5 24. bxc5 Be6 25. Be5 Nf6 26. Nd4 Nxe4 27. Nxe4 fxe4 28.
Nxe6 Qxe6 29. Qxe4 Rd8 30. Qb4 Rd7 31. Bd6 Bg7 32. Kh1 h5 33. Qb1 Qf5 34. Qb3+
Qf7 35. Qb1 Qf5 36. Qb3+ Kh7 37. Qe3 Rf7 38. Re1 Bh6 39. Qe8 Bxf4 40. Re7 Qb1+
41. Re1 Qf5 42. Rf1 g5 43. Be5 h4 44. Qh8+ Kg6 45. Qg8+ Kh6 46. Qe8 Qg6 47. Qh8+
Qh7 48. Qe8 Qf5 49. Qg8 Kh5 50. Bg7 Rd7 51. Qh8+ Kg6 52. Qh6+ Kf7 53. Qh8 Ke6
54. Qe8+ Kd5 55. Rd1+ Bd2 56. Qxd7+ 1-0

[Event "Millionaire Chess Op 2016"]
[Site "Atlantic City USA"]
[Date "2016.10.08"]
[Round "6.9"]
[White "Valdes Escobar, Alvaro"]
[Black "Zherebukh, Yaroslav"]
[Result "1/2-1/2"]
[WhiteTitle "IM"]
[BlackTitle "GM"]
[WhiteElo "2387"]
[BlackElo "2612"]
[WhiteFideId "3405451"]
[BlackFideId "14116804"]
[EventDate "2016.10.06"]

1. Nf3 Nf6 2. c4 g6 3. g3 Bg7 4. Bg2 O-O 5. O-O d6 6. d4 Nbd7 7. Nc3 e5 8. e4
exd4 9. Nxd4 Re8 10. h3 a6 11. Be3 Rb8 12. b3 Nc5 13. Qc2 Bd7 14. Rad1 Qc8 15.
Kh2 b5 16. b4 Ne6 17. cxb5 axb5 18. Nd5 Nxd5 19. exd5 Nxd4 20. Bxd4 Bxd4 21.
Rxd4 Ra8 22. Rc1 Ra7 23. Qd2 Qd8 24. Rc3 Re5 25. Re4 Rxe4 26. Bxe4 Qa8 27. Qf4
Rxa2 28. Rxc7 Qd8 29. Qxd6 Rxf2+ 30. Kg1 Rf1+ 31. Kh2 Qe8 32. Bg2 Rf2 33. g4 Qe2
34. Qg3 f5 35. gxf5 Bxf5 36. Qg5 Qe5+ 37. Qg3 Rxg2+ 38. Kxg2 Qxd5+ 39. Kh2 Qd2+
40. Qg2 Qd6+ 41. Qg3 Qxb4 42. Qe5 Qd2+ 1/2-1/2